Arbeitsbelastungen im Sportlehrerberuf: Entwicklung eines Instruments zur Erfassung fachunterrichtlicher Stressoren

Saved in:
Bibliographic Details
Main Authors: Heim, Rüdiger (Author) , Klimek, Guido (Author)
Format: Article (Journal)
Language:German
Published: 1999
In: Psychologie und Sport
Year: 1999, Volume: 6, Issue: 2, Pages: 35-44
ISSN:0945-6031
Online Access: Get full text
Author Notes:Rüdiger Heim, Guido Klimek

MARC

LEADER 00000caa a2200000 c 4500
001 1814205608
003 DE-627
005 20230710174548.0
007 tu
008 220811s1999 xx ||||| 00| ||ger c
035 |a (DE-627)1814205608 
035 |a (DE-599)KXP1814205608 
035 |a (OCoLC)1389825651 
040 |a DE-627  |b ger  |c DE-627  |e rda 
041 |a ger 
084 |a 50  |2 sdnb 
100 1 |a Heim, Rüdiger  |d 1959-  |e VerfasserIn  |0 (DE-588)137372752  |0 (DE-627)592122220  |0 (DE-576)253080045  |4 aut 
245 1 0 |a Arbeitsbelastungen im Sportlehrerberuf  |b Entwicklung eines Instruments zur Erfassung fachunterrichtlicher Stressoren  |c Rüdiger Heim, Guido Klimek 
264 1 |c 1999 
300 |a 10 
336 |a Text  |b txt  |2 rdacontent 
337 |a ohne Hilfsmittel zu benutzen  |b n  |2 rdamedia 
338 |a Band  |b nc  |2 rdacarrier 
700 1 |a Klimek, Guido  |d 1965-  |e VerfasserIn  |0 (DE-588)11817827X  |0 (DE-627)694738298  |0 (DE-576)17823835X  |4 aut 
773 0 8 |i Enthalten in  |t Psychologie und Sport  |d Schorndorf : Hofmann, 1994  |g 6(1999), 2, Seite 35-44  |w (DE-627)182235556  |w (DE-600)1189052-6  |w (DE-576)040100685  |x 0945-6031  |7 nnas  |a Arbeitsbelastungen im Sportlehrerberuf Entwicklung eines Instruments zur Erfassung fachunterrichtlicher Stressoren 
773 1 8 |g volume:6  |g year:1999  |g number:2  |g pages:35-44  |g extent:10  |a Arbeitsbelastungen im Sportlehrerberuf Entwicklung eines Instruments zur Erfassung fachunterrichtlicher Stressoren 
951 |a AR 
992 |a 20220811 
993 |a Article 
994 |a 1999 
998 |g 137372752  |a Heim, Rüdiger  |m 137372752:Heim, Rüdiger  |d 910000  |d 950000  |d 950950  |e 910000PH137372752  |e 950000PH137372752  |e 950950PH137372752  |k 0/910000/  |k 1/910000/950000/  |k 2/910000/950000/950950/  |p 1  |x j 
999 |a KXP-PPN1814205608  |e 4178607073 
BIB |a Y 
SER |a journal 
JSO |a {"origin":[{"dateIssuedDisp":"1999","dateIssuedKey":"1999"}],"relHost":[{"type":{"bibl":"periodical"},"disp":"Arbeitsbelastungen im Sportlehrerberuf Entwicklung eines Instruments zur Erfassung fachunterrichtlicher StressorenPsychologie und Sport","corporate":[{"role":"isb","display":"Arbeitsgemeinschaft für Sportpsychologie in der Bundesrepublik Deutschland"}],"language":["ger"],"id":{"zdb":["1189052-6"],"eki":["182235556"],"issn":["0945-6031"]},"part":{"issue":"2","extent":"10","volume":"6","year":"1999","text":"6(1999), 2, Seite 35-44","pages":"35-44"},"pubHistory":["8.1994,1-3; [N.F.] 1.1994,4 - 10.2003"],"recId":"182235556","title":[{"title":"Psychologie und Sport","title_sort":"Psychologie und Sport","subtitle":"Zeitschrift für Sportpsychologie ; Organ der Arbeitsgemeinschaft für Sportpsychologie"}],"origin":[{"publisher":"Hofmann","dateIssuedKey":"1994","publisherPlace":"Schorndorf","dateIssuedDisp":"1994-2003"}]}],"title":[{"title":"Arbeitsbelastungen im Sportlehrerberuf","subtitle":"Entwicklung eines Instruments zur Erfassung fachunterrichtlicher Stressoren","title_sort":"Arbeitsbelastungen im Sportlehrerberuf"}],"recId":"1814205608","language":["ger"],"id":{"eki":["1814205608"]},"person":[{"role":"aut","given":"Rüdiger","display":"Heim, Rüdiger","family":"Heim"},{"family":"Klimek","given":"Guido","display":"Klimek, Guido","role":"aut"}],"physDesc":[{"extent":"10 S."}],"type":{"bibl":"article-journal"},"name":{"displayForm":["Rüdiger Heim, Guido Klimek"]}} 
SRT |a HEIMRUEDIGARBEITSBEL1999